Kerala Charithra Sambavangal (Record no. 74805)

MARC details
000 -LEADER
fixed length control field 00392nam a2200145Ia 4500
008 - FIXED-LENGTH DATA ELEMENTS--GENERAL INFORMATION
fixed length control field 211109s9999||||xx |||||||||||||| ||und||
082 ## - DEWEY DECIMAL CLASSIFICATION NUMBER
Classification number 894.8124
Item number BER-K
100 ## - MAIN ENTRY--PERSONAL NAME
Personal name Bernnad, K L
245 #0 - TITLE STATEMENT
Title Kerala Charithra Sambavangal
260 ## - PUBLICATION, DISTRIBUTION, ETC.
Name of publisher, distributor, etc. Peeex Press
Place of publication, distribution, etc. Kochi
Date of publication, distribution, etc. 1978
300 ## - PHYSICAL DESCRIPTION
Extent 120p.
630 ## - SUBJECT ADDED ENTRY--UNIFORM TITLE
General subdivision General Stack
650 ## - SUBJECT ADDED ENTRY--TOPICAL TERM
Topical term or geographic name entry element Malayalam Literature
942 ## - ADDED ENTRY ELEMENTS (KOHA)
Koha item type BOOK
650 ## - SUBJECT ADDED ENTRY--TOPICAL TERM
Form subdivision Malayalam EssaysMalayalam
Holdings
Withdrawn status Lost status Damaged status Not for loan Home library Current library Date acquired Cost, normal purchase price Total Checkouts Full call number Barcode Shelving location Date last seen Price effective from Koha item type
        SB LIBRARY SB LIBRARY 09/11/2021 2.00   894.8124 BER-K 00059229 GENERAL STACK 09/11/2021 09/11/2021 BOOK

Powered by Koha